000 01217cam a22003257a 4500
001 1240
005 20231124104134.0
020 _aFIS00004
040 _aBTCTA
_beng
_cBTCTA
_dWIQ
_dGO4
_dJQJ
_dIK6
_dSINLB
_dCDX
_dIUI
_dUPZ
_dDLC
050 0 0 _aPZ7.M63957
_bMi 2010
082 0 4 _aFic
_222
100 1 _aMillner, Denene.
245 1 0 _aMiss you, Mina /
_cby Denene Millner.
260 _aNew York :
_bScholastic,
_c2010.
300 _a163 pages ;
_c20 cm
_bIllustrations
490 _aA candy apple book
500 _a"A Candy Apple book"--Cover.
505 _aS
520 _aMina is thrilled to be spending the summer in New York City living with her cool aunt and attending the art camp that her aunt works for, but she misses her best friends and some of the girls in her art class are very cruel.
521 0 _a880
_bLexile
521 1 _aR
_bRaz-Plus
650 0 _aBest friends
_vJuvenile fiction.
650 0 _aCamps
_zNew York (State)
_zNew York
_vJuvenile fiction.
650 0 _aHomesickness
_vJuvenile fiction.
650 1 _aBest friends
_vFiction.
650 1 _aCamps
_vFiction.
650 1 _aHomesickness
_vFiction.
906 _a7
_bcbc
_ccopycat
_d2
_encip
_f20
_gy-gencatlg
942 _2ddc
_cBK
_n0
999 _c1240
_d1240